AC/DC - Back in Black Lyrics - Statistics

General Stats
  • This quiz has been taken 851 times
  • The average score is 17 of 32
Answer Stats
Hint Answer % Correct
Back in ___ Black
100%
I hit the __ Sack
88%
It's been too __ Im glad to be back Long
87%
Yes I'm, let ___ Loose
80%
I got __ lives Nine
79%
From the ___ Noose
75%
Well I'm back in ___ Black
72%
Yes, I'm back in ___ Black
71%
Cats __ Eyes
71%
That's kept me ____ around Hanging
70%
'Cause it's gettin' me __ High
64%
__, I'm Back Yes
63%
___ I'm back 'Cause
58%
I keep looking at the __ Sky
53%
'Cause I'm __ Back
52%
__, I'm back Yes
49%
So __ at me now Look
48%
__, I'm back, back Well
46%
__, I'm back Well
45%
Usin' every one of them and ____ wild Running
44%
__ in the back Back
43%
They've gotta catch me if they want me to __ Hang
41%
Forget the ___ 'cause I'll never die Hearse
39%
Don't try to push your __, just get out of my way Luck
38%
Number one with a ___, I'm a power pack Bullet
37%
With a __ Gang
36%
'Cause I'm back on the ___ Track
31%
Yes, I'm in a __ Bang
30%
Of a ____ Cadillac
30%
Nobody's gonna get me on another __ Rap
21%
And I'm beating the ___ Flack
19%
I'm just makin' my __ Play
19%
No matching quizzes found
Score Distribution
Percent of People with Each Score
Percentile by Number Answered
Your Score History
You have not taken this quiz